[Event "7. Arber-Senioren-Cup 2019"]
[Site "Bodenmais"]
[Date "2019.07.31"]
[Round "5.24"]
[White "Wittkugel, Friedhelm"]
[Black "Otto, Klaus"]
[Result "1/2-1/2"]
[WhiteElo "1920"]
[BlackElo "1725"]
[Annotator "NA"]
[PlyCount "114"]
[EventDate "2019.07.27"]
[EventType "swiss"]
[EventCountry "GER"]
[SourceTitle "playchess.com"]
[Source "ChessBase"]
[SourceQuality "1"]
[TimeControl "60/7800+30:0"]

1. d4 {[%emt 0:00:00]} Nf6 {[%emt 0:00:00]} 2. Bg5 {[%emt 0:00:08]} e6 {[%emt 0:00:28]} 3. e4 {[%emt 0:00:12]} Be7 {[%emt 0:00:14]} 4. Bxf6 {[%emt 0:00:11]} Bxf6 {[%emt 0:00:12]} 5. Nf3 {[%emt 0:00:12]} g6 {[%emt 0:01:40]} 6. Bd3 {[%emt 0:01:02]} O-O {[%emt 0:00:20]} 7. h4 {[%emt 0:00:24]} Nc6 {[%emt 0:03:26]} 8. e5 {[%emt 0:02:10]} Be7 {[%emt 0:00:46]} 9. c3 {[%emt 0:00:49]} h6 {[%emt 0:02:47]} 10. Qd2 {[%emt 0:01:31]} Kg7 {[%emt 0:00:28]} 11. Qe3 {[%emt 0:02:24]} Rh8 {[%emt 0:00:26]} 12. Nbd2 {[%emt 0:00:44]} a6 {[%emt 0:02:12]} 13. Be4 {[%emt 0:08:07]} d5 {[%emt 0:06:27]} 14. Bc2 {[%emt 0:01:29]} b5 {[%emt 0:01:27]} 15. a3 {[%emt 0:03:20]} Na5 {[%emt 0:02:55]} 16. b3 {[%emt 0:01:51]} Nb7 {[%emt 0:02:25]} 17. a4 {[%emt 0:05:55]} bxa4 {[%emt 0:04:01]} 18. Rxa4 {[%emt 0:01:24]} Bd7 {[%emt 0:00:41]} 19. Ra1 {[%emt 0:00:18]} c5 {[%emt 0:00:42]} 20. g3 {[%emt 0:05:28]} cxd4 {[%emt 0:08:56]} 21. cxd4 {[%emt 0:02:05]} Bb5 {[%emt 0:00:27]} 22. Bd3 {[%emt 0:00:49]} Qb6 {[%emt 0:02:53]} 23. O-O {[%emt 0:01:22]} Bxd3 {[%emt 0:06:00]} 24. Qxd3 {[%emt 0:01:15]} Qb5 {[%emt 0:00:12]} 25. Qe3 {[%emt 0:03:22]} a5 {[%emt 0:02:14]} 26. Rfc1 {[%emt 0:01:08]} Rac8 {[%emt 0:00:40]} 27. Kg2 {[%emt 0:01:55]} Rxc1 {[%emt 0:02:30]} 28. Rxc1 {[%emt 0:00:19]} Bb4 {[%emt 0:02:44]} 29. Qf4 {[%emt 0:02:11]} Qd7 {[%emt 0:00:20]} 30. Qf6+ {[%emt 0:02:06]} Kg8 {[%emt 0:04:45]} 31. Nf1 {[%emt 0:01:23]} Be7 {[%emt 0:00:44]} 32. Qf4 {[%emt 0:00:32]} Kg7 {[%emt 0:01:25]} 33. Ne3 {[%emt 0:01:38]} Rc8 {[%emt 0:03:48]} 34. Rxc8 {[%emt 0:00:25]} Qxc8 {[%emt 0:00:13]} 35. Ng4 {[%emt 0:01:57]} Qh8 {[%emt 0:01:07]} 36. Qc1 {[%emt 0:04:48]} Bb4 {[%emt 0:01:09]} 37. Qc7 {[%emt 0:02:17]} Nd8 {[%emt 0:00:08]} 38. Qd7 {[%emt 0:01:14]} Qf8 {[%emt 0:01:28]} 39. Nf6 {[%emt 0:03:46]} Qe7 {[%emt 0:01:22]} 40. Qc8 {[%emt 0:01:11]} Qf8 {[%emt 0:05:27]} 41. g4 {[%emt 0:07:33]} Be7 {[%emt 0:03:19]} 42. g5 {[%emt 0:01:54]} h5 {[%emt 0:00:37]} 43. Ng1 {[%emt 0:02:51]} Bb4 {[%emt 0:02:22]} 44. Ne2 {[%emt 0:01:52]} Qe7 {[%emt 0:02:10]} 45. Qc2 {[%emt 0:00:59]} Qb7 {[%emt 0:02:07]} 46. Nf4 {[%emt 0:00:53]} Qc6 {[%emt 0:00:50]} 47. Qxc6 {[%emt 0:15:32]} Nxc6 {[%emt 0:00:17]} 48. Ne2 {[%emt 0:00:25]} Ba3 {[%emt 0:00:32]} 49. Kf3 {[%emt 0:01:07]} Bb4 {[%emt 0:02:34]} 50. Ke3 {[%emt 0:00:35]} Ne7 {[%emt 0:01:16]} 51. Nd7 Nf5+ 52. Kd3 {[%emt 0:04:59]} Nxh4 {[%emt 0:00:46]} 53. f4 {[%emt 0:04:07]} Nf5 {[%emt 0:01:16]} 54. Nf6 {[%emt 0:00:52]} Be1 {[%emt 0:04:04]} 55. Ng1 {[%emt 0:05:10]} Bf2 {[%emt 0:08:51]} 56. Ne2 {[%emt 0:00:04]} Be1 {[%emt 0:01:39]} 57. Kc2 {[%emt 0:01:48]} Bb4 {[%emt 0:03:16]} 1/2-1/2

[Event "7. Arber-Senioren-Cup 2019"]
[Site "Bodenmais"]
[Date "2019.07.31"]
[Round "5.25"]
[White "Loibl, Johann"]
[Black "Meul, Willi"]
[Result "1-0"]
[WhiteElo "1760"]
[BlackElo "1904"]
[Annotator "NA"]
[PlyCount "47"]
[EventDate "2019.07.27"]
[EventType "swiss"]
[EventCountry "GER"]
[SourceTitle "playchess.com"]
[Source "ChessBase"]
[SourceQuality "1"]
[TimeControl "60/7800+30:0"]

1. e4 {[%emt 0:00:00]} c5 {[%emt 0:00:00]} 2. b4 {[%emt 0:00:00]} cxb4 {[%emt 0:00:01]} 3. a3 {[%emt 0:00:00]} d5 {[%emt 0:01:51]} 4. exd5 {[%emt 0:00:00]} Qxd5 {[%emt 0:00:07]} 5. Nf3 {[%emt 0:00:06]} e5 {[%emt 0:02:15]} 6. c4 {[%emt 0:01:13]} Qe4+ {[%emt 0:03:44]} 7. Be2 {[%emt 0:02:42]} Nc6 {[%emt 0:01:11]} 8. O-O {[%emt 0:04:24]} Bc5 {[%emt 0:25:27]} 9. d3 {[%emt 0:15:41]} Qf5 {[%emt 0:03:32]} 10. axb4 {[%emt 0:04:59]} Bxb4 {[%emt 0:00:38]} 11. d4 {[%emt 0:09:37]} e4 {[%emt 0:06:43]} 12. Bb2 {[%emt 0:11:51]} exf3 {[%emt 0:07:53]} 13. Bxf3 {[%emt 0:02:15]} Bd6 {[%emt 0:15:08]} 14. Re1+ {[%emt 0:03:08]} Nge7 {[%emt 0:04:42]} 15. c5 {[%emt 0:01:29]} Bb8 {[%emt 0:04:55]} 16. d5 {[%emt 0:08:29]} Ne5 {[%emt 0:07:44]} 17. d6 {[%emt 0:11:39]} Nxf3+ {[%emt 0:08:30]} 18. gxf3 {[%emt 0:06:10]} Qg5+ {[%emt 0:03:01]} 19. Kh1 {[%emt 0:00:27]} Bh3 {[%emt 0:01:53]} 20. Rxe7+ {[%emt 0:05:57]} Kd8 {[%emt 0:02:06]} 21. Qg1 {[%emt 0:00:36]} Qxc5 {[%emt 0:03:02]} 22. Qxg7 {[%emt 0:03:16]} Qxd6 {[%emt 0:01:12]} 23. Qxh8+ {[%emt 0:00:16]} Kxe7 {[%emt 0:00:19]} 24. Bc1 1-0

[Event "7. Arber-Senioren-Cup 2019"]
[Site "Bodenmais"]
[Date "2019.07.31"]
[Round "5.26"]
[White "Wolff, Peter"]
[Black "Cordts, Elof"]
[Result "1/2-1/2"]
[WhiteElo "1915"]
[BlackElo "1710"]
[Annotator "NA"]
[PlyCount "66"]
[EventDate "2019.07.27"]
[EventType "swiss"]
[EventCountry "GER"]
[SourceTitle "playchess.com"]
[Source "ChessBase"]
[SourceQuality "1"]
[TimeControl "60/7800+30:0"]

1. c4 {[%emt 0:00:00]} Nf6 {[%emt 0:00:00]} 2. g3 {[%emt 0:00:00]} g6 {[%emt 0:00:35]} 3. Bg2 {[%emt 0:00:00]} Bg7 {[%emt 0:00:20]} 4. Nc3 {[%emt 0:00:00]} c5 {[%emt 0:04:17]} 5. e4 {[%emt 0:00:14]} d6 {[%emt 0:00:16]} 6. d3 {[%emt 0:00:44]} Nc6 {[%emt 0:01:02]} 7. Nge2 {[%emt 0:00:06]} a6 {[%emt 0:00:23]} 8. O-O {[%emt 0:02:05]} O-O {[%emt 0:00:28]} 9. h3 {[%emt 0:01:36]} e5 {[%emt 0:05:19]} 10. Bg5 {[%emt 0:05:45]} h6 {[%emt 0:07:48]} 11. Be3 {[%emt 0:00:07]} Nh7 {[%emt 0:13:29]} 12. Qd2 {[%emt 0:02:00]} g5 {[%emt 0:03:26]} 13. g4 {[%emt 0:03:07]} Ne7 {[%emt 0:05:44]} 14. Ng3 {[%emt 0:00:47]} Nf6 {[%emt 0:02:53]} 15. Nf5 {[%emt 0:02:03]} Nxf5 {[%emt 0:02:08]} 16. exf5 {[%emt 0:00:32]} Rb8 {[%emt 0:00:22]} 17. Kh2 {[%emt 0:20:18]} Bd7 {[%emt 0:02:34]} 18. Ne4 {[%emt 0:06:13]} Bc6 {[%emt 0:01:37]} 19. Rh1 {[%emt 0:03:14]} Qe7 {[%emt 0:06:16]} 20. Kg3 {[%emt 0:01:06]} Rbd8 {[%emt 0:01:28]} 21. h4 {[%emt 0:10:15]} Nxe4+ {[%emt 0:05:45]} 22. dxe4 {[%emt 0:00:39]} f6 {[%emt 0:00:30]} 23. hxg5 {[%emt 0:07:29]} hxg5 {[%emt 0:00:30]} 24. Qa5 {[%emt 0:04:45]} Kf7 {[%emt 0:01:21]} 25. Rad1 {[%emt 0:00:54]} Rh8 {[%emt 0:00:29]} 26. Rxh8 {[%emt 0:01:48]} Rxh8 {[%emt 0:00:23]} 27. Qb6 {[%emt 0:03:30]} Bf8 {[%emt 0:00:48]} 28. Rh1 {[%emt 0:03:43]} Rxh1 {[%emt 0:00:41]} 29. Bxh1 {[%emt 0:00:01]} Ke8 {[%emt 0:00:52]} 30. f3 {[%emt 0:03:40]} Qf7 {[%emt 0:04:08]} 31. b3 {[%emt 0:01:08]} Kd7 {[%emt 0:00:50]} 32. Bf2 {[%emt 0:02:15]} Be7 {[%emt 0:00:15]} 33. Qa5 {[%emt 0:00:49]} Bd8 {[%emt 0:00:32]} 1/2-1/2

[Event "7. Arber-Senioren-Cup 2019"]
[Site "Bodenmais"]
[Date "2019.07.31"]
[Round "5.27"]
[White "Auterhoff, Juergen"]
[Black "Schmid, Johann"]
[Result "1/2-1/2"]
[WhiteElo "1673"]
[BlackElo "1842"]
[Annotator "NA"]
[PlyCount "41"]
[EventDate "2019.07.27"]
[EventType "swiss"]
[EventCountry "GER"]
[SourceTitle "playchess.com"]
[Source "ChessBase"]
[SourceQuality "1"]
[TimeControl "60/7800+30:0"]

1. e4 {[%emt 0:00:00]} e6 {[%emt 0:00:00]} 2. d4 {[%emt 0:00:00]} d5 {[%emt 0:00:00]} 3. Nd2 {[%emt 0:00:00]} Nf6 {[%emt 0:00:54]} 4. e5 {[%emt 0:00:00]} Nfd7 {[%emt 0:00:18]} 5. Bd3 {[%emt 0:00:27]} c5 {[%emt 0:00:20]} 6. c3 {[%emt 0:00:49]} Nc6 {[%emt 0:00:26]} 7. Ne2 {[%emt 0:00:37]} Nb6 {[%emt 0:00:37]} 8. O-O {[%emt 0:03:15]} Bd7 {[%emt 0:00:25]} 9. Nf3 {[%emt 0:00:50]} h6 {[%emt 0:01:24]} 10. a4 {[%emt 0:06:08]} a5 {[%emt 0:03:42]} 11. Be3 {[%emt 0:09:49]} cxd4 {[%emt 0:00:49]} 12. cxd4 {[%emt 0:00:27]} Nb4 {[%emt 0:05:33]} 13. b3 {[%emt 0:03:50]} Nxd3 {[%emt 0:10:50]} 14. Qxd3 {[%emt 0:00:04]} Nc8 {[%emt 0:00:19]} 15. Nc3 {[%emt 0:03:50]} Na7 {[%emt 0:01:58]} 16. Rfc1 {[%emt 0:09:19]} Be7 {[%emt 0:02:48]} 17. Bd2 {[%emt 0:07:47]} Qb6 {[%emt 0:12:10]} 18. Rab1 {[%emt 0:07:57]} Nc6 {[%emt 0:05:39]} 19. Nb5 {[%emt 0:03:14]} O-O {[%emt 0:13:10]} 20. Qe2 {[%emt 0:12:16]} Nb4 {[%emt 0:11:47]} 21. Nc3 1/2-1/2

[Event "7. Arber-Senioren-Cup 2019"]
[Site "Bodenmais"]
[Date "2019.08.01"]
[Round "6.1"]
[White "Pirrot, Dieter"]
[Black "Blechzin, Igor"]
[Result "1/2-1/2"]
[WhiteElo "2315"]
[BlackElo "2221"]
[Annotator "NA"]
[PlyCount "59"]
[EventDate "2019.07.27"]
[EventType "swiss"]
[EventCountry "GER"]
[SourceTitle "playchess.com"]
[Source "ChessBase"]
[SourceQuality "1"]
[TimeControl "60/7800+30:0"]

1. d4 {[%emt 0:00:00]} Nf6 {[%emt 0:00:00]} 2. c4 {[%emt 0:00:00]} e6 {[%emt 0:00:03]} 3. Nf3 {[%emt 0:00:27]} d5 {[%emt 0:00:15]} 4. Nc3 {[%emt 0:00:25]} Be7 {[%emt 0:00:17]} 5. Bf4 {[%emt 0:00:41]} O-O {[%emt 0:00:20]} 6. e3 {[%emt 0:00:26]} c5 {[%emt 0:01:39]} 7. dxc5 {[%emt 0:00:21]} Bxc5 {[%emt 0:04:04]} 8. a3 {[%emt 0:01:52]} Nc6 {[%emt 0:03:21]} 9. Qc2 {[%emt 0:00:52]} Qa5 {[%emt 0:12:03]} 10. O-O-O {[%emt 0:01:03]} dxc4 {[%emt 0:05:01]} 11. Bxc4 {[%emt 0:01:14]} a6 {[%emt 0:02:43]} 12. Ng5 {[%emt 0:05:21]} Ne7 {[%emt 0:08:57]} 13. Nce4 {[%emt 0:09:59]} Nxe4 {[%emt 0:01:20]} 14. Qxe4 {[%emt 0:10:03]} Ng6 {[%emt 0:00:15]} 15. h4 {[%emt 0:03:12]} Be7 {[%emt 0:03:31]} 16. h5 {[%emt 0:20:47]} Bxg5 {[%emt 0:00:15]} 17. hxg6 {[%emt 0:00:08]} hxg6 {[%emt 0:02:01]} 18. Bd6 {[%emt 0:12:27]} Re8 {[%emt 0:05:08]} 19. f4 {[%emt 0:13:56]} f5 {[%emt 0:08:02]} 20. Qc2 {[%emt 0:12:48]} Bf6 {[%emt 0:01:40]} 21. g4 {[%emt 0:03:10]} Bd7 {[%emt 0:12:48]} 22. gxf5 {[%emt 0:08:27]} Rac8 {[%emt 0:16:55]} 23. Kb1 {[%emt 0:11:46]} gxf5 {[%emt 0:08:57]} 24. Bb4 {[%emt 0:01:57]} Qc7 {[%emt 0:00:34]} 25. Qxf5 {[%emt 0:01:23]} a5 {[%emt 0:13:46]} 26. Qxf6 {[%emt 0:16:12]} Qxc4 {[%emt 0:10:37]} 27. Rhg1 {[%emt 0:03:24]} Qc2+ {[%emt 0:00:53]} 28. Ka2 {[%emt 0:00:11]} Qc4+ {[%emt 0:00:11]} 29. Ka1 {[%emt 0:00:13]} Qc1+ {[%emt 0:00:10]} 30. Ka2 {[%emt 0:00:25]} 1/2-1/2

[Event "7. Arber-Senioren-Cup 2019"]
[Site "Bodenmais"]
[Date "2019.08.01"]
[Round "6.2"]
[White "Pribyl, Josef"]
[Black "Herbold, Manfred"]
[Result "1/2-1/2"]
[WhiteElo "2234"]
[BlackElo "2081"]
[Annotator "NA"]
[PlyCount "32"]
[EventDate "2019.07.27"]
[EventType "swiss"]
[EventCountry "GER"]
[SourceTitle "playchess.com"]
[Source "ChessBase"]
[SourceQuality "1"]
[TimeControl "60/7800+30:0"]

1. d4 {[%emt 0:00:00]} g6 {[%emt 0:00:10]} 2. e4 {[%emt 0:00:00]} Bg7 {[%emt 0:00:15]} 3. c3 {[%emt 0:00:13]} b6 {[%emt 0:00:05]} 4. f4 {[%emt 0:01:59]} Bb7 {[%emt 0:01:38]} 5. Bd3 {[%emt 0:02:27]} c5 {[%emt 0:06:11]} 6. Nf3 {[%emt 0:00:39]} e6 {[%emt 0:01:21]} 7. Be3 {[%emt 0:00:55]} d6 {[%emt 0:00:36]} 8. Nbd2 {[%emt 0:01:01]} Ne7 {[%emt 0:02:01]} 9. Qe2 {[%emt 0:02:30]} Nbc6 {[%emt 0:02:33]} 10. a3 {[%emt 0:00:15]} cxd4 {[%emt 0:06:49]} 11. cxd4 {[%emt 0:00:28]} e5 {[%emt 0:03:44]} 12. fxe5 {[%emt 0:03:11]} dxe5 {[%emt 0:00:11]} 13. d5 {[%emt 0:01:37]} Nd4 {[%emt 0:02:26]} 14. Qf2 {[%emt 0:03:24]} Nxf3+ {[%emt 0:05:45]} 15. Nxf3 {[%emt 0:00:04]} O-O {[%emt 0:00:17]} 16. O-O {[%emt 0:09:44]} Nc8 1/2-1/2

[Event "7. Arber-Senioren-Cup 2019"]
[Site "Bodenmais"]
[Date "2019.08.01"]
[Round "6.3"]
[White "Koehler, Gerhard"]
[Black "Puehn, Georg"]
[Result "1-0"]
[WhiteElo "2197"]
[BlackElo "1990"]
[Annotator "NA"]
[PlyCount "81"]
[EventDate "2019.07.27"]
[EventType "swiss"]
[EventCountry "GER"]
[SourceTitle "playchess.com"]
[Source "ChessBase"]
[SourceQuality "1"]
[TimeControl "60/7800+30:0"]

1. c4 {[%emt 0:00:00]} e6 {[%emt 0:00:00]} 2. Nf3 {[%emt 0:00:18]} d5 {[%emt 0:00:11]} 3. g3 {[%emt 0:00:25]} dxc4 {[%emt 0:04:31]} 4. Qa4+ {[%emt 0:04:20]} Bd7 {[%emt 0:01:10]} 5. Qxc4 {[%emt 0:00:12]} c5 {[%emt 0:06:54]} 6. Ne5 {[%emt 0:03:10]} Nf6 {[%emt 0:10:09]} 7. Bg2 {[%emt 0:02:18]} Qc8 {[%emt 0:01:08]} 8. O-O {[%emt 0:10:55]} Bd6 {[%emt 0:04:37]} 9. Nxd7 {[%emt 0:00:22]} Nbxd7 {[%emt 0:01:12]} 10. Nc3 {[%emt 0:04:28]} a6 {[%emt 0:03:32]} 11. d3 {[%emt 0:04:29]} Rb8 {[%emt 0:04:10]} 12. Bd2 {[%emt 0:07:42]} O-O {[%emt 0:04:37]} 13. Rac1 {[%emt 0:03:45]} Ne5 {[%emt 0:08:55]} 14. Qa4 {[%emt 0:01:36]} b5 {[%emt 0:06:51]} 15. Qc2 {[%emt 0:02:59]} Qd7 {[%emt 0:03:08]} 16. Bg5 {[%emt 0:03:12]} Rfc8 {[%emt 0:09:14]} 17. b3 {[%emt 0:12:42]} c4 {[%emt 0:08:37]} 18. bxc4 {[%emt 0:12:27]} bxc4 {[%emt 0:00:47]} 19. d4 {[%emt 0:00:34]} Nc6 {[%emt 0:02:41]} 20. Bxf6 {[%emt 0:11:50]} gxf6 {[%emt 0:00:15]} 21. Ne4 {[%emt 0:00:13]} Be7 {[%emt 0:00:03]} 22. Qa4 {[%emt 0:09:56]} f5 {[%emt 0:19:26]} 23. Nc3 {[%emt 0:05:44]} Rc7 {[%emt 0:11:56]} 24. d5 {[%emt 0:12:08]} Nb4 {[%emt 0:07:36]} 25. Qd1 {[%emt 0:02:10]} Rd8 {[%emt 0:04:36]} 26. e4 {[%emt 0:07:44]} Nd3 {[%emt 0:08:17]} 27. Rc2 {[%emt 0:00:23]} Bf6 {[%emt 0:01:01]} 28. dxe6 {[%emt 0:02:24]} fxe6 {[%emt 0:01:10]} 29. exf5 {[%emt 0:01:03]} Nb4 {[%emt 0:01:28]} 30. Qxd7 {[%emt 0:02:42]} Rdxd7 {[%emt 0:00:50]} 31. Ne4 {[%emt 0:00:29]} Bd4 {[%emt 0:01:48]} 32. fxe6 {[%emt 0:01:57]} Re7 {[%emt 0:00:46]} 33. Rd2 {[%emt 0:05:46]} Ba7 {[%emt 0:01:56]} 34. Nc3 {[%emt 0:01:06]} Rxe6 {[%emt 0:02:16]} 35. a3 {[%emt 0:01:32]} Nd3 {[%emt 0:00:37]} 36. Bd5 {[%emt 0:00:14]} Kf7 {[%emt 0:00:05]} 37. Re2 {[%emt 0:00:30]} Rcc6 {[%emt 0:00:42]} 38. Rxe6 {[%emt 0:00:35]} Rxe6 {[%emt 0:00:05]} 39. Bxc4 {[%emt 0:00:12]} Ne5 {[%emt 0:00:46]} 40. Bxe6+ {[%emt 0:00:33]} Kxe6 {[%emt 0:00:07]} 41. Kg2 {[%emt 0:00:15]} 1-0

[Event "7. Arber-Senioren-Cup 2019"]
[Site "Bodenmais"]
[Date "2019.08.01"]
[Round "6.4"]
[White "Kurka, Dieter"]
[Black "Lorenc, Tomas"]
[Result "0-1"]
[WhiteElo "2006"]
[BlackElo "2158"]
[Annotator "NA"]
[PlyCount "74"]
[EventDate "2019.07.27"]
[EventType "swiss"]
[EventCountry "GER"]
[SourceTitle "playchess.com"]
[Source "ChessBase"]
[SourceQuality "1"]
[TimeControl "60/7800+30:0"]

1. d4 {[%emt 0:00:00]} Nf6 {[%emt 0:00:00]} 2. Bf4 {[%emt 0:00:00]} c5 {[%emt 0:00:34]} 3. e3 {[%emt 0:00:04]} g6 {[%emt 0:00:23]} 4. Nc3 {[%emt 0:02:06]} Bg7 {[%emt 0:02:19]} 5. h4 {[%emt 0:01:03]} h5 {[%emt 0:02:43]} 6. Nb5 {[%emt 0:01:17]} Nd5 {[%emt 0:11:40]} 7. Bh2 {[%emt 0:13:07]} a6 {[%emt 0:09:37]} 8. Bc4 {[%emt 0:00:31]} Qa5+ {[%emt 0:02:57]} 9. c3 {[%emt 0:01:33]} axb5 {[%emt 0:03:03]} 10. Bxd5 {[%emt 0:00:10]} b4 {[%emt 0:01:01]} 11. Bb3 {[%emt 0:16:12]} bxc3 {[%emt 0:03:25]} 12. bxc3 {[%emt 0:00:08]} cxd4 {[%emt 0:00:44]} 13. Ne2 {[%emt 0:04:43]} dxc3 {[%emt 0:02:43]} 14. O-O {[%emt 0:00:52]} Nc6 {[%emt 0:01:46]} 15. Rc1 {[%emt 0:03:19]} O-O {[%emt 0:02:26]} 16. Qd3 {[%emt 0:05:24]} d5 {[%emt 0:09:13]} 17. Nxc3 {[%emt 0:20:42]} Bf5 {[%emt 0:04:26]} 18. Qd2 {[%emt 0:02:02]} d4 {[%emt 0:07:48]} 19. exd4 {[%emt 0:01:23]} Nxd4 {[%emt 0:00:22]} 20. Qe3 {[%emt 0:03:07]} Nxb3 {[%emt 0:02:25]} 21. axb3 {[%emt 0:00:02]} Rad8 {[%emt 0:01:23]} 22. Ne4 {[%emt 0:01:21]} Rd4 {[%emt 0:05:34]} 23. Ng5 {[%emt 0:12:16]} Bf6 {[%emt 0:06:09]} 24. Rc4 {[%emt 0:13:22]} Rd3 {[%emt 0:02:41]} 25. b4 {[%emt 0:01:45]} Qa2 {[%emt 0:07:46]} 26. Qf4 {[%emt 0:07:00]} b5 {[%emt 0:10:15]} 27. Rc5 {[%emt 0:03:23]} Rd4 {[%emt 0:00:43]} 28. Qf3 {[%emt 0:00:14]} Bg4 {[%emt 0:03:16]} 29. Qb7 {[%emt 0:02:24]} Qe2 {[%emt 0:01:30]} 30. Qxb5 {[%emt 0:01:12]} Qxb5 {[%emt 0:00:15]} 31. Rxb5 {[%emt 0:00:10]} Be2 {[%emt 0:00:02]} 32. Rb7 {[%emt 0:02:29]} Bxf1 {[%emt 0:01:40]} 33. Kxf1 {[%emt 0:00:02]} Rxh4 {[%emt 0:00:13]} 34. Nf3 {[%emt 0:00:28]} Rc4 {[%emt 0:00:12]} 35. Be5 {[%emt 0:03:02]} Ra8 {[%emt 0:03:55]} 36. Ke2 {[%emt 0:01:43]} Bxe5 {[%emt 0:00:38]} 37. Nxe5 {[%emt 0:00:07]} Re4+ 0-1

[Event "7. Arber-Senioren-Cup 2019"]
[Site "Bodenmais"]
[Date "2019.08.01"]
[Round "6.5"]
[White "Godoj, Veit"]
[Black "Kuempers, Ulrich"]
[Result "1-0"]
[WhiteElo "1995"]
[BlackElo "2030"]
[Annotator "NA"]
[PlyCount "77"]
[EventDate "2019.07.27"]
[EventType "swiss"]
[EventCountry "GER"]
[SourceTitle "playchess.com"]
[Source "ChessBase"]
[SourceQuality "1"]
[TimeControl "60/7800+30:0"]

1. d4 {[%emt 0:00:00]} Nf6 {[%emt 0:00:00]} 2. Bf4 {[%emt 0:00:03]} g6 {[%emt 0:00:00]} 3. Nc3 {[%emt 0:00:03]} d5 {[%emt 0:00:00]} 4. Nf3 {[%emt 0:00:11]} Bg7 {[%emt 0:00:09]} 5. e3 {[%emt 0:00:09]} O-O {[%emt 0:00:16]} 6. Be2 {[%emt 0:00:06]} c5 {[%emt 0:07:07]} 7. Ne5 {[%emt 0:00:09]} Nc6 {[%emt 0:04:57]} 8. O-O {[%emt 0:04:50]} Be6 {[%emt 0:04:27]} 9. Nxc6 {[%emt 0:15:53]} bxc6 {[%emt 0:00:15]} 10. Be5 {[%emt 0:00:01]} cxd4 {[%emt 0:06:48]} 11. exd4 {[%emt 0:00:12]} Nd7 {[%emt 0:03:21]} 12. Bxg7 {[%emt 0:00:43]} Kxg7 {[%emt 0:00:04]} 13. Na4 {[%emt 0:11:32]} Qc7 {[%emt 0:05:25]} 14. Re1 {[%emt 0:03:26]} Kg8 {[%emt 0:07:59]} 15. Bf3 {[%emt 0:04:40]} Rad8 {[%emt 0:05:39]} 16. Re3 {[%emt 0:11:47]} Rfe8 {[%emt 0:07:47]} 17. Rc1 {[%emt 0:05:50]} Qd6 {[%emt 0:07:12]} 18. Qd2 {[%emt 0:11:29]} f6 {[%emt 0:12:32]} 19. b3 {[%emt 0:24:39]} Bf7 {[%emt 0:01:51]} 20. c4 {[%emt 0:01:04]} dxc4 {[%emt 0:05:27]} 21. Qa5 {[%emt 0:06:13]} cxb3 {[%emt 0:09:09]} 22. axb3 {[%emt 0:00:47]} Qxd4 {[%emt 0:14:30]} 23. Rd1 {[%emt 0:00:36]} Qf4 {[%emt 0:04:16]} 24. Rxe7 {[%emt 0:00:57]} Nb6 {[%emt 0:22:27]} 25. Rxe8+ {[%emt 0:14:34]} Rxe8 {[%emt 0:03:13]} 26. Nxb6 {[%emt 0:00:58]} Bxb3 {[%emt 0:02:29]} 27. Nd5 {[%emt 0:09:25]} Bxd5 {[%emt 0:02:40]} 28. Bxd5+ {[%emt 0:00:01]} cxd5 {[%emt 0:00:04]} 29. Qxd5+ {[%emt 0:00:12]} Kh8 {[%emt 0:00:21]} 30. g3 {[%emt 0:02:03]} Qe5 {[%emt 0:00:25]} 31. Qc6 {[%emt 0:00:27]} Re7 {[%emt 0:00:51]} 32. h4 {[%emt 0:01:14]} Kg7 33. Rd7 {[%emt 0:01:22]} Kf7 {[%emt 0:00:38]} 34. Rd1 {[%emt 0:03:33]} Qe4 {[%emt 0:00:54]} 35. Qc8 {[%emt 0:00:07]} Qf3 {[%emt 0:01:23]} 36. Rc1 {[%emt 0:00:54]} Qe4 {[%emt 0:00:56]} 37. Qh8 {[%emt 0:00:07]} Ke6 {[%emt 0:01:11]} 38. Qg8+ {[%emt 0:00:51]} Kf5 {[%emt 0:00:11]} 39. Rc5+ {[%emt 0:00:41]} 1-0